[Event "SK Bocholt 1 - SK Dülmen 1"]
[Site "Regionalliga 2021/2022"]
[Date "2021.10.23"]
[Round "2.1"]
[White "Eiersbrock, Robin"]
[Black "Fuest, Martin"]
[Result "1/2-1/2"]
[WhiteElo "2017"]
[BlackElo "2150"]
[PlyCount "69"]
[EventDate "2021.??.??"]
[SourceTitle "Verband Muensterland"]
[SourceDate "2021.10.03"]
[SourceVersion "1"]
[SourceVersionDate "2021.10.03"]
[SourceQuality "1"]
[WhiteTeam "SK Dülmen 1"]
[BlackTeam "SK Bocholt 1"]

1. c4 e6 2. Nc3 d5 3. e3 Nf6 4. Nf3 c5 5. cxd5 exd5 6. d4 Nc6 7. Be2 Be7 8. O-O
O-O 9. a3 c4 10. b3 cxb3 11. Qxb3 Na5 12. Qa2 Be6 13. Ne5 Nd7 14. Nd3 Nb6 15.
Nf4 Rc8 16. Bd2 Nac4 17. a4 Nxd2 18. Qxd2 Bb4 19. Rfc1 Nc4 20. Bxc4 Rxc4 21.
Qb2 Qa5 22. Ncxd5 Bxd5 23. Nxd5 Qxd5 24. Rxc4 Qxc4 25. Rc1 Bc3 26. Rxc3 Qxa4
27. h4 Qd7 28. Qc2 g6 29. Rc7 Qb5 30. Qe4 Rb8 31. Qf3 Qb1+ 32. Kh2 Qf5 33. Rxb7
Rxb7 34. Qxb7 Qxf2 35. Qe4 1/2-1/2

[Event "SK Bocholt 1 - SK Dülmen 1"]
[Site "Regionalliga 2021/2022"]
[Date "2021.10.23"]
[Round "2.2"]
[White "Liesmann, Karsten"]
[Black "Grund, Wolfgang"]
[Result "1/2-1/2"]
[WhiteElo "1980"]
[BlackElo "1913"]
[PlyCount "111"]
[EventDate "2021.??.??"]
[SourceTitle "Verband Muensterland"]
[SourceDate "2021.10.03"]
[SourceVersion "1"]
[SourceVersionDate "2021.10.03"]
[SourceQuality "1"]
[WhiteTeam "SK Bocholt 1"]
[BlackTeam "SK Dülmen 1"]

1. d4 g6 2. e4 d5 3. exd5 Qxd5 4. Nc3 Qa5 5. Be3 Bg7 6. Qd2 c6 7. Nf3 Bg4 8.
Be2 Nd7 9. h3 Bxf3 10. Bxf3 Ngf6 11. O-O O-O 12. a3 e6 13. b4 Qd8 14. b5 Nd5
15. bxc6 bxc6 16. Nxd5 cxd5 17. c4 Nb6 18. c5 Nc4 19. Qc3 Rc8 20. Qd3 Qh4 21.
Kh2 Nxe3 22. fxe3 Bh6 23. Rab1 Rb8 24. Rb4 a5 25. Rxb8 Rxb8 26. g3 Qg5 27. e4
Rb2+ 28. Bg2 dxe4 29. Qxe4 Qd2 30. Qf3 f5 31. Rd1 Qc2 32. d5 Qxc5 33. dxe6 Bf8
34. Qd5 Qxd5 35. Rxd5 Bxa3 36. Rxa5 Be7 37. Re5 Kg7 38. Re1 Kf6 39. Kg1 Bc5+
40. Kh1 Rb3 41. g4 f4 42. Rf1 g5 43. Rf3 Rb1+ 44. Rf1 Rb3 45. Rf3 Be3 46. Rf1
Kxe6 47. Rf3 Rb2 48. Rf1 Ke5 49. Rd1 f3 50. Bxf3 Kf4 51. Bg2 Kg3 52. Re1 Bf4
53. Ra1 Be3 54. Re1 Bf4 55. Ra1 Be3 56. Re1 1/2-1/2

[Event "SK Bocholt 1 - SK Dülmen 1"]
[Site "Regionalliga 2021/2022"]
[Date "2021.10.23"]
[Round "2.3"]
[White "Loedding, Detlef"]
[Black "Naumann, Felix"]
[Result "1/2-1/2"]
[WhiteElo "1893"]
[BlackElo "1908"]
[PlyCount "130"]
[EventDate "2021.??.??"]
[SourceTitle "Verband Muensterland"]
[SourceDate "2021.10.03"]
[SourceVersion "1"]
[SourceVersionDate "2021.10.03"]
[SourceQuality "1"]
[WhiteTeam "SK Dülmen 1"]
[BlackTeam "SK Bocholt 1"]

1. c4 Nf6 2. g3 e6 3. Bg2 d5 4. d4 Bb4+ 5. Nc3 O-O 6. Nf3 c6 7. Qb3 Bd6 8. O-O
Nbd7 9. cxd5 exd5 10. Bf4 Qc7 11. e3 a6 12. Rac1 Bxf4 13. gxf4 Qd8 14. Qc2 Nh5
15. Kh1 Ndf6 16. Rg1 g6 17. Bf1 Ng7 18. Bd3 Kh8 19. Rg5 Nf5 20. Ne5 Qe7 21.
Rcg1 Rg8 22. Ne2 Be6 23. Qc5 Qxc5 24. dxc5 Ne4 25. Bxe4 dxe4 26. R5g2 Bxa2 27.
Nc3 Bd5 28. Nxd5 cxd5 29. Nxf7+ Kg7 30. Nd6 Nxd6 31. cxd6 Rad8 32. Rc1 Rgf8 33.
Rg5 Rxd6 34. Re5 Rf7 35. Kg2 Kf6 36. Re8 Re7 37. Rf8+ Ke6 38. Rfc8 Rb6 39. R1c2
Kd6 40. Kg3 Rf7 41. Kg4 Rc6 42. Rd8+ Rd7 43. Rxd7+ Kxd7 44. Rd2 Ke6 45. h4 a5
46. h5 b5 47. hxg6 hxg6 48. Kg5 b4 49. Kxg6 b3 50. Rd1 Rc2 51. f5+ Ke5 52. Rf1
a4 53. f6 Ke6 54. f7 Ke7 55. Kg7 Rc8 56. f3 exf3 57. Rxf3 a3 58. bxa3 b2 59.
Rf1 Rb8 60. a4 Rf8 61. a5 b1=Q 62. Rxb1 Rxf7+ 63. Kg6 Rf6+ 64. Kg5 Rf3 65. a6
Rxe3 1/2-1/2

[Event "SK Bocholt 1 - SK Dülmen 1"]
[Site "Regionalliga 2021/2022"]
[Date "2021.10.23"]
[Round "2.4"]
[White "Hunhoff, Sebastian"]
[Black "Rebber, Christian"]
[Result "1-0"]
[WhiteElo "1910"]
[BlackElo "1835"]
[PlyCount "79"]
[EventDate "2021.??.??"]
[SourceTitle "Verband Muensterland"]
[SourceDate "2021.10.03"]
[SourceVersion "1"]
[SourceVersionDate "2021.10.03"]
[SourceQuality "1"]
[WhiteTeam "SK Bocholt 1"]
[BlackTeam "SK Dülmen 1"]

1. c4 c5 2. Nc3 Nf6 3. e4 d6 4. g3 g6 5. Bg2 Bg7 6. Nge2 Nc6 7. d3 a6 8. O-O
O-O 9. h3 Rb8 10. f4 e6 11. g4 Nd7 12. Be3 Qc7 13. Qd2 b5 14. Rad1 b4 15. Na4
Rd8 16. b3 Nd4 17. Nxd4 cxd4 18. Bf2 Nc5 19. Nxc5 dxc5 20. Bg3 f5 21. e5 Bb7
22. gxf5 exf5 23. Bh4 Re8 24. Bd5+ Kh8 25. Qg2 Bc8 26. Rde1 Be6 27. Kh1 Qf7 28.
Rg1 Qc7 29. Qf3 Qf7 30. Rg2 Qc7 31. Reg1 Qf7 32. Bg5 Rb6 33. Bxe6 Rbxe6 34. Qf2
Kg8 35. Qh4 Qb7 36. Kh2 Qf7 37. Bh6 Bxh6 38. Qxh6 Kh8 39. Rg5 Rg8 40. h4 1-0

[Event "SK Bocholt 1 - SK Dülmen 1"]
[Site "Regionalliga 2021/2022"]
[Date "2021.10.23"]
[Round "2.5"]
[White "Eiersbrock, Marko"]
[Black "Kuhlenbaeumer, Willi"]
[Result "0-1"]
[WhiteElo "1821"]
[BlackElo "1924"]
[PlyCount "92"]
[EventDate "2021.??.??"]
[SourceTitle "Verband Muensterland"]
[SourceDate "2021.10.03"]
[SourceVersion "1"]
[SourceVersionDate "2021.10.03"]
[SourceQuality "1"]
[WhiteTeam "SK Dülmen 1"]
[BlackTeam "SK Bocholt 1"]

1. d4 Nf6 2. Nf3 g6 3. g3 d6 4. Bg2 Bg7 5. c4 O-O 6. O-O Nbd7 7. Nc3 e5 8. d5
Ne8 9. e4 h6 10. Nh4 a5 11. Be3 Kh7 12. Qc2 Ndf6 13. c5 Ng4 14. cxd6 cxd6 15.
Bd2 Bd7 16. Qb3 f5 17. Qc2 f4 18. h3 Ngf6 19. gxf4 Nh5 20. fxe5 Qxh4 21. e6 Bc8
22. Na4 Be5 23. Bc3 Nf4 24. Bxe5 dxe5 25. f3 Qg3 26. Kh1 b5 27. Nb6 Rb8 28.
Nxc8 Rxc8 29. Qf2 Qxg2+ 30. Qxg2 Nxg2 31. Kxg2 Kg7 32. Rac1 Nd6 33. Rfd1 Kf6
34. Kf2 g5 35. b3 Ke7 36. Ke3 Rxc1 37. Rxc1 Rc8 38. Rxc8 Nxc8 39. Kf2 b4 40.
Kg3 Nd6 41. Kg4 Kf6 42. Kh5 Kg7 43. h4 gxh4 44. Kxh4 Kg6 45. f4 Kf6 46. Kg4
Nxe4 0-1

[Event "SK Bocholt 1 - SK Dülmen 1"]
[Site "Regionalliga 2021/2022"]
[Date "2021.10.23"]
[Round "2.6"]
[White "Sell, Markus"]
[Black "Gehlen, Horst"]
[Result "1-0"]
[WhiteElo "1807"]
[BlackElo "1735"]
[PlyCount "107"]
[EventDate "2021.??.??"]
[SourceTitle "Verband Muensterland"]
[SourceDate "2021.10.03"]
[SourceVersion "1"]
[SourceVersionDate "2021.10.03"]
[SourceQuality "1"]
[WhiteTeam "SK Bocholt 1"]
[BlackTeam "SK Dülmen 1"]

1. d4 Nf6 2. Nf3 e6 3. Bg5 d5 4. e3 Be7 5. c3 Nbd7 6. Nbd2 Ne4 7. Bxe7 Qxe7 8.
Nxe4 dxe4 9. Nd2 b6 10. Bb5 f5 11. Bc6 Rb8 12. Nc4 O-O 13. Bxd7 Bxd7 14. Ne5
Rbd8 15. Qc2 c5 16. O-O cxd4 17. cxd4 Rc8 18. Qd2 Rc7 19. Rfc1 Rfc8 20. Rxc7
Rxc7 21. a3 Be8 22. Rc1 g5 23. Rxc7 Qxc7 24. Qc3 Qxc3 25. bxc3 Kf8 26. Kf1 b5
27. Ke1 Ke7 28. c4 bxc4 29. Nxc4 Bb5 30. Ne5 Be8 31. Kd2 Kd6 32. Kc3 h5 33. g3
h4 34. Kb4 hxg3 35. hxg3 g4 36. Ka5 Kc7 37. Ka6 Kb8 38. Nc4 Ba4 39. Nd6 Bc6 40.
Nb5 Bb7+ 41. Ka5 Bc6 42. Kb4 a6 43. Nc3 Kc7 44. Kc5 Bb7 45. Ne2 Bd5 46. Nf4 Bb3
47. d5 exd5 48. Nxd5+ Kd7 49. Nb4 a5 50. Nc6 a4 51. Nd4 Be6 52. Kb4 Kd6 53.
Nxe6 Kxe6 54. Kxa4 1-0

[Event "SK Bocholt 1 - SK Dülmen 1"]
[Site "Regionalliga 2021/2022"]
[Date "2021.10.23"]
[Round "2.7"]
[White "Liebing, Ingo"]
[Black "Hunhoff, Andreas"]
[Result "1/2-1/2"]
[WhiteElo "1751"]
[BlackElo "1783"]
[PlyCount "27"]
[EventDate "2021.??.??"]
[SourceTitle "Verband Muensterland"]
[SourceDate "2021.10.03"]
[SourceVersion "1"]
[SourceVersionDate "2021.10.03"]
[SourceQuality "1"]
[WhiteTeam "SK Dülmen 1"]
[BlackTeam "SK Bocholt 1"]

1. d4 f5 2. Bg5 c6 3. Nd2 h6 4. Bh4 Qa5 5. e3 g6 6. c3 Bg7 7. Bd3 d6 8. Nh3 e5
9. dxe5 dxe5 10. Bc4 b5 11. Bxg8 Rxg8 12. f4 Qb6 13. O-O Be6 14. Kh1 1/2-1/2

[Event "SK Bocholt 1 - SK Dülmen 1"]
[Site "Regionalliga 2021/2022"]
[Date "2021.10.23"]
[Round "2.8"]
[White "Buessing, Olaf"]
[Black "Stegemann, Norbert"]
[Result "1/2-1/2"]
[WhiteElo "1767"]
[BlackElo "1852"]
[PlyCount "61"]
[EventDate "2021.??.??"]
[SourceTitle "Verband Muensterland"]
[SourceDate "2021.10.03"]
[SourceVersion "1"]
[SourceVersionDate "2021.10.03"]
[SourceQuality "1"]
[WhiteTeam "SK Bocholt 1"]
[BlackTeam "SK Dülmen 1"]

1. e4 c6 2. d4 d5 3. exd5 cxd5 4. Bd3 Nc6 5. c3 Qc7 6. Ne2 Bg4 7. Na3 Bxe2 8.
Qxe2 a6 9. Nc2 e6 10. Ne3 Nf6 11. Bd2 Be7 12. O-O O-O 13. Ng4 b5 14. Rae1 Rfe8
15. Qf3 Nxg4 16. Qxg4 Bd6 17. f4 Ne7 18. Rf3 Ng6 19. h4 Qe7 20. Rh3 f5 21. Qg3
Qc7 22. Rf1 Qe7 23. h5 Nf8 24. Qf3 Qf7 25. Be1 Be7 26. g4 Ra7 27. g5 Bd6 28.
Rf2 Qc7 29. Bd2 Qc6 30. Qe2 Ree7 31. Re3 1/2-1/2

[Event "SG Ahaus-Wessum 1 - SC Gronau 1"]
[Site "Regionalliga 2021/2022"]
[Date "2021.10.23"]
[Round "2.2"]
[White "Rosing, Hermann"]
[Black "Reckzuegel, Philipp"]
[Result "1/2-1/2"]
[WhiteElo "1988"]
[BlackElo "1928"]
[PlyCount "66"]
[EventDate "2021.??.??"]
[SourceTitle "Verband Muensterland"]
[SourceDate "2021.10.03"]
[SourceVersion "1"]
[SourceVersionDate "2021.10.03"]
[SourceQuality "1"]
[WhiteTeam "SG Ahaus-Wessum 1"]
[BlackTeam "SC Gronau 1"]

1. e4 c5 2. Nf3 d6 3. d4 cxd4 4. Nxd4 Nf6 5. Nc3 a6 6. f3 e5 7. Nb3 Be6 8. Be3
Be7 9. Qd2 Nbd7 10. O-O-O O-O 11. g4 Nc5 12. h4 b5 13. g5 Nxb3+ 14. axb3 Nh5
15. Rg1 Qa5 16. Kb1 Rfc8 17. Nd5 Qxd2 18. Rxd2 Bd8 19. Be2 Kf8 20. Rgd1 Ng3 21.
Nb6 Bxb6 22. Bxb6 Nxe2 23. Rxe2 Rc6 24. Ba5 Ke7 25. Red2 Rac8 26. Bb4 Rd8 27.
f4 exf4 28. Rf1 Ke8 29. Rxf4 d5 30. Bc3 dxe4 31. Rxd8+ Kxd8 32. Rxe4 g6 33. Kc1
Rd6 1/2-1/2

[Event "SG Ahaus-Wessum 1 - SC Gronau 1"]
[Site "Regionalliga 2021/2022"]
[Date "2021.10.23"]
[Round "2.3"]
[White "Luetkehermoelle, Martin"]
[Black "Winking, Hendrik"]
[Result "1-0"]
[WhiteElo "1914"]
[BlackElo "1926"]
[PlyCount "81"]
[EventDate "2021.??.??"]
[SourceTitle "Verband Muensterland"]
[SourceDate "2021.10.03"]
[SourceVersion "1"]
[SourceVersionDate "2021.10.03"]
[SourceQuality "1"]
[WhiteTeam "SC Gronau 1"]
[BlackTeam "SG Ahaus-Wessum 1"]

1. e4 g6 2. d4 Bg7 3. f4 d6 4. Nf3 Nf6 5. Bd3 O-O 6. O-O c5 7. dxc5 dxc5 8. c4
Nc6 9. e5 Ng4 10. Be4 Bd7 11. Nc3 Rc8 12. Nd5 Nh6 13. Be3 b6 14. Bf2 Bf5 15.
Qe2 Nd4 16. Nxd4 Bxe4 17. Nc6 Rxc6 18. Qxe4 Re6 19. Rad1 Qc8 20. Qd3 Re8 21.
Nc3 Rc6 22. Qd7 Rc7 23. Qxc8 Rexc8 24. Rd3 Kf8 25. Rfd1 Ke8 26. Ne4 Nf5 27. g4
Nd4 28. Bxd4 cxd4 29. b3 Rd8 30. Rxd4 Rxd4 31. Rxd4 f6 32. exf6 exf6 33. Nd6+
Ke7 34. Nb5 Rb7 35. Re4+ Kd7 36. f5 Kc6 37. Nd4+ Kc5 38. a3 gxf5 39. Nxf5 Bf8
40. b4+ Kc6 41. Re6+ 1-0

[Event "SG Ahaus-Wessum 1 - SC Gronau 1"]
[Site "Regionalliga 2021/2022"]
[Date "2021.10.23"]
[Round "2.4"]
[White "Ter Horst, Carsten"]
[Black "Hoge, Torsten"]
[Result "0-1"]
[WhiteElo "1880"]
[BlackElo "1902"]
[PlyCount "96"]
[EventDate "2021.??.??"]
[SourceTitle "Verband Muensterland"]
[SourceDate "2021.10.03"]
[SourceVersion "1"]
[SourceVersionDate "2021.10.03"]
[SourceQuality "1"]
[WhiteTeam "SG Ahaus-Wessum 1"]
[BlackTeam "SC Gronau 1"]

1. d4 e6 2. Nf3 Nf6 3. g3 b6 4. Bg2 Bb7 5. O-O Be7 6. c4 O-O 7. Nc3 Ne4 8. Qc2
f5 9. Ne5 Nd6 10. Bxb7 Nxb7 11. Rd1 Qc8 12. e4 Nd6 13. b3 Qb7 14. f3 Nf7 15.
Nd3 Nc6 16. Be3 Rae8 17. e5 Ng5 18. Ne1 f4 19. gxf4 Nh3+ 20. Kh1 Nxf4 21. Qe4
Bb4 22. Rac1 g5 23. Ng2 Nd8 24. Bxf4 gxf4 25. Qxb7 Nxb7 26. Ne4 Be7 27. Rg1 Kh8
28. Ne1 c5 29. d5 d6 30. Ng5 Bxg5 31. Rxg5 exd5 32. exd6 dxc4 33. bxc4 Nxd6 34.
Rd5 Nxc4 35. Nd3 Ne3 36. Rd7 Rd8 37. Rxd8 Rxd8 38. Nxf4 Rd1+ 39. Rxd1 Nxd1 40.
Nd5 c4 41. Nb4 Ne3 42. a4 a5 43. Na2 Nd5 44. Kg1 Kg7 45. Kf2 Kf6 46. Ke2 Ke5
47. Kd2 Kd4 48. Kc2 Nb4+ 0-1

[Event "SG Ahaus-Wessum 1 - SC Gronau 1"]
[Site "Regionalliga 2021/2022"]
[Date "2021.10.23"]
[Round "2.5"]
[White "Langendijk, Andre"]
[Black "Gulik, Michal"]
[Result "0-1"]
[WhiteElo "1897"]
[BlackElo "1732"]
[PlyCount "64"]
[EventDate "2021.??.??"]
[SourceTitle "Verband Muensterland"]
[SourceDate "2021.10.03"]
[SourceVersion "1"]
[SourceVersionDate "2021.10.03"]
[SourceQuality "1"]
[WhiteTeam "SC Gronau 1"]
[BlackTeam "SG Ahaus-Wessum 1"]

1. c4 Nf6 2. Nc3 c5 3. Nf3 g6 4. g3 Bg7 5. Bg2 O-O 6. d4 d6 7. O-O Nbd7 8. Qc2
a6 9. h3 Rb8 10. dxc5 Nxc5 11. e4 b5 12. b4 Ncxe4 13. Nxe4 Nxe4 14. Rb1 Qc7 15.
Nd2 Nc3 16. Rb3 Ne2+ 17. Kh2 Nd4 18. Qe4 Nxb3 19. axb3 Bb7 20. Qd3 Bxg2 21.
Kxg2 bxc4 22. bxc4 Rxb4 23. Re1 a5 24. Qe4 d5 25. Qxd5 Qb7 26. Qxb7 Rxb7 27.
Ba3 Bc3 28. Nf1 Bb4 29. Bc1 a4 30. Ne3 a3 31. Nd5 a2 32. Bb2 Ba3 0-1

[Event "SG Ahaus-Wessum 1 - SC Gronau 1"]
[Site "Regionalliga 2021/2022"]
[Date "2021.10.23"]
[Round "2.6"]
[White "Terdues, Guido"]
[Black "Rothkegel, Juergen"]
[Result "1/2-1/2"]
[WhiteElo "1741"]
[BlackElo "1882"]
[PlyCount "110"]
[EventDate "2021.??.??"]
[SourceTitle "Verband Muensterland"]
[SourceDate "2021.10.03"]
[SourceVersion "1"]
[SourceVersionDate "2021.10.03"]
[SourceQuality "1"]
[WhiteTeam "SG Ahaus-Wessum 1"]
[BlackTeam "SC Gronau 1"]

1. f4 d5 2. Nf3 g6 3. e3 Bg7 4. d4 Nf6 5. Be2 O-O 6. O-O Ne4 7. Nbd2 c5 8. c3
Nxd2 9. Bxd2 b6 10. Be1 Ba6 11. Bg3 Bxe2 12. Qxe2 Nd7 13. Rad1 cxd4 14. exd4 e6
15. Ne5 Qc7 16. Rd3 Nf6 17. f5 Ne4 18. fxe6 Nxg3 19. exf7+ Rxf7 20. Rxg3 Re7
21. Re3 Rae8 22. Qf3 Bxe5 23. Qxd5+ Kg7 24. Rxe5 Rxe5 25. dxe5 Rxe5 26. Qd4 Kg8
27. Qf4 Qc5+ 28. Qf2 Qe7 29. Qf6 Qxf6 30. Rxf6 Re2 31. Rc6 Rxb2 32. Rc8+ Kg7
33. Rc7+ Kf6 34. Rxa7 h6 35. a4 Kf5 36. Rb7 Rc2 37. Rxb6 Rxc3 38. a5 Ra3 39. a6
Ra2 40. h3 h5 41. h4 g5 42. Rb5+ Kg4 43. Rxg5+ Kxh4 44. Rg6 Ra1+ 45. Kf2 Ra2+
46. Ke3 Ra3+ 47. Kd4 Ra4+ 48. Kc5 Ra5+ 49. Kb4 Ra4+ 50. Kc3 Ra3+ 51. Kd2 Ra2+
52. Ke3 Ra3+ 53. Kf2 Ra2+ 54. Kg1 Ra1+ 55. Kh2 Rh1+ 1/2-1/2

[Event "SG Ahaus-Wessum 1 - SC Gronau 1"]
[Site "Regionalliga 2021/2022"]
[Date "2021.10.23"]
[Round "2.7"]
[White "Reinhold, Klaus"]
[Black "Mast, Holger"]
[Result "1/2-1/2"]
[WhiteElo "1813"]
[BlackElo "1752"]
[PlyCount "56"]
[EventDate "2021.??.??"]
[SourceTitle "Verband Muensterland"]
[SourceDate "2021.10.03"]
[SourceVersion "1"]
[SourceVersionDate "2021.10.03"]
[SourceQuality "1"]
[WhiteTeam "SC Gronau 1"]
[BlackTeam "SG Ahaus-Wessum 1"]

1. d4 d5 2. c4 e5 3. dxe5 d4 4. a3 Nc6 5. Nf3 Bg4 6. Nbd2 Nge7 7. g3 Qd7 8. Bg2
Ng6 9. b4 Bh3 10. e6 Bxe6 11. Ng5 Be7 12. Nxe6 Qxe6 13. O-O O-O 14. Bd5 Qd7 15.
Nb3 a6 16. Bb2 Rad8 17. Qc2 Bf6 18. Rfd1 Rfe8 19. Rd2 Bg5 20. Bxc6 Qxc6 21.
Rxd4 Bf6 22. Rxd8 Rxd8 23. Bxf6 Qxf6 24. Rd1 Re8 25. Nc5 Qc6 26. Rd5 b5 27. Rd2
Ne5 28. cxb5 axb5 1/2-1/2

[Event "SG Ahaus-Wessum 1 - SC Gronau 1"]
[Site "Regionalliga 2021/2022"]
[Date "2021.10.23"]
[Round "2.8"]
[White "Kratz, Alexander"]
[Black "Naber, Wolfgang"]
[Result "1-0"]
[WhiteElo "1784"]
[BlackElo "1588"]
[PlyCount "69"]
[EventDate "2021.??.??"]
[SourceTitle "Verband Muensterland"]
[SourceDate "2021.10.03"]
[SourceVersion "1"]
[SourceVersionDate "2021.10.03"]
[SourceQuality "1"]
[WhiteTeam "SG Ahaus-Wessum 1"]
[BlackTeam "SC Gronau 1"]

1. d4 Nf6 2. Nc3 d5 3. e4 dxe4 4. f3 Bf5 5. fxe4 Nxe4 6. Qf3 Nd6 7. Bf4 Qc8 8.
Bxd6 cxd6 9. Bb5+ Bd7 10. Bd3 Nc6 11. Nge2 Qc7 12. O-O O-O-O 13. Nd5 Qa5 14. b4
Qa4 15. a3 b5 16. Ndc3 Qa6 17. a4 Qb7 18. Be4 f5 19. Bxc6 Bxc6 20. d5 Bd7 21.
axb5 Kb8 22. Kh1 Bxb5 23. Nxb5 Qxb5 24. Nd4 Qb7 25. Nc6+ Kc8 26. Rxa7 Qxa7 27.
Nxa7+ Kb7 28. Nc6 Rc8 29. Qd3 g6 30. Ra1 Rxc6 31. dxc6+ Kxc6 32. Qc4+ Kd7 33.
Ra7+ Ke8 34. Qe6 Bg7 35. Ra8# 1-0

[Event "SG Turm Raesfeld/Erle 2 - TV Borken 1"]
[Site "Regionalliga 2021/2022"]
[Date "2021.10.23"]
[Round "2.1"]
[White "Schulze Schwering, Philipp"]
[Black "Pliete, Christian"]
[Result "0-1"]
[WhiteElo "2056"]
[BlackElo "1849"]
[PlyCount "146"]
[EventDate "2021.??.??"]
[SourceTitle "Verband Muensterland"]
[SourceDate "2021.10.03"]
[SourceVersion "1"]
[SourceVersionDate "2021.10.03"]
[SourceQuality "1"]
[WhiteTeam "TV Borken 1"]
[BlackTeam "SG Turm Raesfeld/Erle 2"]

1. d4 Nf6 2. Nf3 c5 3. d5 g6 4. Nc3 a6 5. a4 Bg7 6. e4 d6 7. Bc4 O-O 8. O-O Bg4
9. h3 Bxf3 10. Qxf3 Nbd7 11. Qd1 Qa5 12. Bd2 Ne5 13. Be2 c4 14. Re1 Rfc8 15.
Bf1 Qd8 16. a5 b5 17. axb6 Qxb6 18. Na4 Qc7 19. Be3 Rab8 20. Bd4 Ned7 21. Qd2
Ne8 22. Ra3 Bxd4 23. Qxd4 Nb6 24. Rea1 Nxa4 25. Rxa4 Qb6 26. Qxb6 Rxb6 27. R1a2
Rcb8 28. Rxc4 Rxb2 29. Rxb2 Rxb2 30. Rc8 Kf8 31. Bxa6 Rb6 32. Ra8 Rb1+ 33. Kh2
Ra1 34. Bb7 Rxa8 35. Bxa8 Nf6 36. f3 Nd7 37. Bc6 Nc5 38. Kg3 Kg7 39. Kf4 Kf6
40. Ke3 Kg5 41. f4+ Kh4 42. Kf3 f6 43. Bb5 Kh5 44. g3 Kh6 45. h4 Kg7 46. Ke3 h6
47. Be8 Na6 48. Kd4 g5 49. Bh5 Kf8 50. e5 Nc5 51. Bg6 Kg7 52. Bf5 Kf8 53. Kc4
Nb7 54. Kb5 gxh4 55. gxh4 dxe5 56. fxe5 fxe5 57. Kc6 Nd6 58. Bd3 e4 59. Bf1 Nf5
60. c4 Ng3 61. Bg2 e3 62. Bf3 e2 63. Bxe2 Nxe2 64. c5 Ke8 65. d6 exd6 66. Kxd6
Nd4 67. h5 Kf7 68. c6 Kf6 69. Kd5 Nxc6 70. Kxc6 Kg5 71. Kd5 Kxh5 72. Ke4 Kg4
73. Ke3 Kg3 0-1

[Event "SG Turm Raesfeld/Erle 2 - TV Borken 1"]
[Site "Regionalliga 2021/2022"]
[Date "2021.10.23"]
[Round "2.2"]
[White "Tuente, Marcel"]
[Black "Schroer, Klaus"]
[Result "1/2-1/2"]
[WhiteElo "1852"]
[BlackElo "1975"]
[PlyCount "78"]
[EventDate "2021.??.??"]
[SourceTitle "Verband Muensterland"]
[SourceDate "2021.10.03"]
[SourceVersion "1"]
[SourceVersionDate "2021.10.03"]
[SourceQuality "1"]
[WhiteTeam "SG Turm Raesfeld/Erle 2"]
[BlackTeam "TV Borken 1"]

1. e4 Nc6 2. d4 e5 3. Nf3 exd4 4. Nxd4 g6 5. Be3 Bg7 6. c3 Nge7 7. Bc4 O-O 8.
O-O d6 9. Nd2 Nxd4 10. Bxd4 Nc6 11. Bxg7 Kxg7 12. Nf3 Be6 13. Bxe6 fxe6 14. Qb3
Rxf3 15. Qxb7 Ne5 16. gxf3 Qh4 17. Qxc7+ Kh6 18. Qxd6 Nxf3+ 19. Kg2 Qxe4 20.
Kg3 g5 21. Qb4 Qf5 22. Qg4 Nxh2 23. Qh3+ Qxh3+ 24. Kxh3 Nxf1 25. Rxf1 Kg6 26.
Rd1 h5 27. c4 a5 28. c5 Kf5 29. c6 Ke5 30. c7 Rc8 31. Rd7 Kf6 32. a3 a4 33. Kg3
e5 34. f3 Kf5 35. Rf7+ Kg6 36. Re7 Kf6 37. Rd7 Kf5 38. Rf7+ Kg6 39. Rd7 Kf6
1/2-1/2

[Event "SG Turm Raesfeld/Erle 2 - TV Borken 1"]
[Site "Regionalliga 2021/2022"]
[Date "2021.10.23"]
[Round "2.3"]
[White "Beckmann, David"]
[Black "Fasselt, Hendrik"]
[Result "1-0"]
[WhiteElo "2003"]
[BlackElo "1853"]
[PlyCount "73"]
[EventDate "2021.??.??"]
[SourceTitle "Verband Muensterland"]
[SourceDate "2021.10.03"]
[SourceVersion "1"]
[SourceVersionDate "2021.10.03"]
[SourceQuality "1"]
[WhiteTeam "TV Borken 1"]
[BlackTeam "SG Turm Raesfeld/Erle 2"]

1. d4 d5 2. c4 e6 3. Nf3 Nf6 4. g3 Be7 5. Bg2 c6 6. O-O O-O 7. Qc2 Re8 8. b3
Nbd7 9. Bb2 Bd6 10. Rd1 Qe7 11. Nc3 Nf8 12. e4 dxe4 13. Nxe4 Nxe4 14. Qxe4 Bd7
15. a3 Rad8 16. Rd2 Bc8 17. Qc2 Bb8 18. Re1 Qc7 19. Rde2 Bd7 20. Ne5 Bc8 21.
Nd3 Bd7 22. Nc5 Qc8 23. b4 Ng6 24. Qc1 Bd6 25. Ne4 Bf8 26. h4 h6 27. h5 Nh8 28.
Qa1 Qc7 29. Bc1 e5 30. Bxh6 gxh6 31. Nf6+ Kg7 32. dxe5 Re6 33. Qb1 Rxf6 34.
exf6+ Kg8 35. Be4 Bd6 36. Bh7+ Kf8 37. Qc1 1-0

[Event "SG Turm Raesfeld/Erle 2 - TV Borken 1"]
[Site "Regionalliga 2021/2022"]
[Date "2021.10.23"]
[Round "2.4"]
[White "Broemmel, Chris"]
[Black "Vijayakumaran, Vithoosan"]
[Result "0-1"]
[WhiteElo "1831"]
[BlackElo "1757"]
[PlyCount "127"]
[EventDate "2021.??.??"]
[SourceTitle "Verband Muensterland"]
[SourceDate "2021.10.03"]
[SourceVersion "1"]
[SourceVersionDate "2021.10.03"]
[SourceQuality "1"]
[WhiteTeam "SG Turm Raesfeld/Erle 2"]
[BlackTeam "TV Borken 1"]

1. e4 d5 2. exd5 Qxd5 3. Nc3 Qd6 4. d4 Nf6 5. Nf3 a6 6. g3 Bg4 7. Bg2 e6 8. O-O
Nc6 9. Bf4 Qd7 10. d5 exd5 11. Re1+ Be7 12. Qd2 O-O-O 13. Ng5 Bc5 14. Na4 Ba7
15. b4 h6 16. Nf3 Ne4 17. Rxe4 dxe4 18. Qxd7+ Rxd7 19. Ne5 Bd4 20. Nxd7 Bxa1
21. Ndc5 f5 22. c3 Bd1 23. Nb3 Bxb3 24. axb3 Rd8 25. Bh3 Rd1+ 26. Kg2 Ne7 27.
g4 g5 28. gxf5 gxf4 29. f6+ Kd8 30. fxe7+ Kxe7 31. Nc5 e3 32. fxe3 fxe3 33. Kf3
Rd2 34. Kxe3 Rxh2 35. Bc8 Bxc3 36. Nd3 Bd2+ 37. Ke4 Rh4+ 38. Kf5 Rh3 39. Ke4
Rh4+ 40. Kf5 Bxb4 41. Bxb7 a5 42. Ne5 Rh3 43. Bd5 Kd6 44. Bf3 Rh2 45. Kf4 Rc2
46. Nf7+ Kc5 47. Ke4 Rc3 48. Bd1 h5 49. Ne5 Rg3 50. Nf3 Rg8 51. Be2 Re8+ 52.
Kd3 Rh8 53. Nh4 Be1 54. Ng6 Rh6 55. Nf4 h4 56. Nh3 Rg6 57. Nf4 Rg3+ 58. Kc2 Kd4
59. Bb5 Ke3 60. Nd5+ Kf2 61. Bd3 h3 62. Be4 h2 63. Kb2 Rg1 64. Nxc7 0-1

[Event "SG Turm Raesfeld/Erle 2 - TV Borken 1"]
[Site "Regionalliga 2021/2022"]
[Date "2021.10.23"]
[Round "2.5"]
[White "Farwick, Christian"]
[Black "Kadenbach, Wolfgang"]
[Result "1-0"]
[WhiteElo "1861"]
[BlackElo "1741"]
[PlyCount "53"]
[EventDate "2021.??.??"]
[SourceTitle "Verband Muensterland"]
[SourceDate "2021.10.03"]
[SourceVersion "1"]
[SourceVersionDate "2021.10.03"]
[SourceQuality "1"]
[WhiteTeam "TV Borken 1"]
[BlackTeam "SG Turm Raesfeld/Erle 2"]

1. d4 Nf6 2. Bf4 g6 3. e3 Bg7 4. Nd2 d6 5. c3 O-O 6. Ngf3 Nh5 7. Qc2 Nxf4 8.
exf4 a6 9. Bd3 c5 10. f5 b5 11. fxg6 fxg6 12. dxc5 d5 13. h4 e5 14. O-O-O Qa5
15. h5 e4 16. Nxe4 dxe4 17. Bxe4 Qxa2 18. Bd5+ Qxd5 19. Rxd5 Bb7 20. Rd6 Bxf3
21. gxf3 g5 22. h6 Be5 23. Qb3+ Kh8 24. Qd5 Bf4+ 25. Kb1 Ra7 26. Rd8 Raf7 27.
Qxf7 1-0